NBA : Les Ailiers de chaque franchise - Statistiques

Statistiques générales
  • Ce quiz a été pris 38 fois
  • Le résultat moyen est 29 sur 60
Statistiques - réponses
Franchises Joueurs % Correct
Boston Celtic Jason Tatum
91%
Pascal Siakam
85%
Milwaukee Bucks Giannis Antetokounmpo
82%
Lebron James
82%
Cleveland Cavaliers Evan Mobley
79%
Los Angeles Clippers Kawhi Leonard
79%
Derrick White
76%
Jalen Williams
76%
Denver Nuggets Aaron Gordon
71%
Josh Hart
71%
Kevin Durant
71%
Mickael Porter Jr
71%
Charlotte Hornets Miles Bridges
71%
Orlando Magic Paolo Banchero
71%
San Antonio Spurs Harrison Barnes
68%
Toronto Raptors Scottie Barnes
68%
New-York Knicks OG Anunoby
65%
Franz Wagner
62%
Golden State Warriors Jimmy Butler
62%
Josh Green
62%
Zacharie Risacher
62%
Amen Thompson
59%
Ausar Thompson
59%
Sacramento Kings Demar Derozan
59%
Julius Randle
59%
Dallas Mavericks Anthony Davis
53%
Brooklyn Nets Cameron Johnson
53%
Zion Williamson
53%
Indiana Pacers Aaron Nesmith
50%
Kyle Kuzma
50%
Max Strus
50%
Minnesota Timberwolves Jaden Mcdaniels
47%
Jaren Jackson Jr
47%
Lauri Markkanen
47%
Andrew Wiggins
44%
Miami Heat Bam Adebayo
44%
Oklahoma Thunder Chet Holmgren
44%
Philadelphie 76ers Justin Edwards
44%
Los Angeles Lakers Rui Hachimura
44%
Norman Powell
41%
Detroit Pistons Tobias Harris
41%
Devin Vassel
35%
Houston Rockets Dillon Brooks
35%
Keegan Murray
35%
R.J Barrett
35%
Guerschon Yabusele
32%
P.J Washington
32%
Chicago Bulls Matas Buzelis
26%
Toumani Camara
24%
New Orleans Pelicans Trey Murphy III
24%
Memphis Grizzlies Santi Aldama
15%
Moses Moody
12%
Kevin Huerter
9%
Atlanta Hawks Mouhamad Gueye
9%
Portland Trail Blazers Deni Avidja
6%
Jalen Wilson
3%
Marcus Smart
3%
Phoenix Suns Ryan Dunn
3%
Washington Wizard Justin Champagnie
0%
Utah Jazz Walker Kessler
0%
Aucun quiz correspondant
Distribution des résultats
% des personnes avec chaque résultat
Percentile par nombre de réponses
Votre historique - résultats
Vous n’avez pas pris ce quiz